000 00262nam a22001217a 4500
008 171018b xxu||||| |||| 00| 0 eng d
041 _aeng
080 _a338
100 _a53
101 _aMNG
245 _aSTRATEGIC MANAGEMENT
_cHILL, CH.W.L
942 _2udc
_cBK
999 _c34542
_d34542